Introductory Functional Analysis with applications (Record no. 2108)

MARC details
000 -LEADER
fixed length control field 00713pam a2200253 i 4500
001 - CONTROL NUMBER
control field 3664988
003 - CONTROL NUMBER IDENTIFIER
control field OSt
005 - DATE AND TIME OF LATEST TRANSACTION
control field 20191021151803.0
008 - FIXED-LENGTH DATA ELEMENTS--GENERAL INFORMATION
fixed length control field 770222s1978 nyua b 001 0 eng
010 ## - LIBRARY OF CONGRESS CONTROL NUMBER
LC control number 77002560
020 ## - INTERNATIONAL STANDARD BOOK NUMBER
International Standard Book Number 0471504599
040 ## - CATALOGING SOURCE
Original cataloging agency DLC
Transcribing agency DLC
Modifying agency DLC
050 00 - LIBRARY OF CONGRESS CALL NUMBER
Classification number QA320
Item number .K74
082 00 - DEWEY DECIMAL CLASSIFICATION NUMBER
Classification number 515.7
Item number KRE 1989
100 1# - MAIN ENTRY--PERSONAL NAME
Personal name Kreyszig, Erwin.
9 (RLIN) 5451
245 10 - TITLE STATEMENT
Title Introductory Functional Analysis with applications
260 ## - PUBLICATION, DISTRIBUTION, ETC. (IMPRINT)
Place of publication, distribution, etc. New York :
Name of publisher, distributor, etc. Wiley,
Date of publication, distribution, etc. 1989.
300 ## - PHYSICAL DESCRIPTION
Extent xiv, 688 p. :
Other physical details ill. ;
Dimensions 10 cm.
500 ## - GENERAL NOTE
General note Includes index.
504 ## - BIBLIOGRAPHY, ETC. NOTE
Bibliography, etc Bibliography: p. 675-679.
650 #0 - SUBJECT ADDED ENTRY--TOPICAL TERM
Topical term or geographic name as entry element Functional analysis.
9 (RLIN) 5452
906 ## - LOCAL DATA ELEMENT F, LDF (RLIN)
a 7
b cbc
c orignew
d 1
e ocip
f 19
g y-gencatlg
942 ## - ADDED ENTRY ELEMENTS (KOHA)
Source of classification or shelving scheme Dewey Decimal Classification
Koha item type Short Loan
Holdings
Withdrawn status Lost status Source of classification or shelving scheme Damaged status Not for loan Home library Current library Date acquired Source of acquisition Inventory number Total Checkouts Full call number Barcode Date last seen Koha item type Total Renewals Date last checked out Price effective from
    Dewey Decimal Classification     MUST Main Library MUST Main Library 19/06/2015 Purchase 04/22934   515.7 KRE 1989 2015-1978 19/06/2015 Short Loan      
    Dewey Decimal Classification     MUST Main Library MUST Main Library 17/04/2019 Purchase 04/22933 3 515.7 KRE 1989 2019-0013 10/05/2021 Open Shelf 1 21/04/2021  
    Dewey Decimal Classification     MUST Main Library MUST Main Library 17/03/2022 Purchase 05/24607   515.7 KRE 1989 2022-0476 17/03/2022 Open Shelf     17/03/2022
    Dewey Decimal Classification     MUST Main Library MUST Main Library 17/03/2022 Purchase 05/24608   515.7 KRE 1989 2022-0477 17/03/2022 Open Shelf     17/03/2022